000 01276cam a2200337 a 4500
001 15558585
003 OSt
005 20240628094856.0
008 081216s2009 enk b 001 0 eng
010 _a 2008053688
015 _aGBA907978
_2bnb
016 7 _a014889006
_2Uk
020 _a9780754674948 (alk. paper)
035 _a(OCoLC)ocn298128751
040 _cmust
043 _ae-uk---
_ae-gx---
082 0 0 _a331.544 ERE 2009
_222
100 1 _aErel, Umut.
_918271
245 1 0 _aMigrant women transforming citizenship :
_blife stories from Britain and Germany /
_cUmut Erel.
260 _aFarnham, England ;
_aBurlington, VT :
_bAshgate,
_cc2009.
300 _aviii, 220 p. ;
_c24 cm.
440 0 _aStudies in migration and diaspora
_918272
504 _aIncludes bibliographical references (p. [197]-215) and index.
650 0 _aWomen immigrants
_zGreat Britain
_vCase studies.
_918273
650 0 _aWomen immigrants
_zGermany
_vCase studies.
_918274
650 0 _aCitizenship
_zGreat Britain
_vCase studies.
_918275
650 0 _aCitizenship
_zGermany
_vCase studies.
_918276
906 _a7
_bcbc
_corignew
_d1
_eecip
_f20
_gy-gencatlg
942 _2ddc
_cO_SHELF
999 _c9001
_d9001